Régimen jurídico del transporte multimodal /
Guardado en:
| Autor Principal: | |
|---|---|
| Formato: | Libro |
| Idioma: | Spanish |
| Publicado: |
Buenos Aires :
Lexis Nexis,
2005.
|
| Edición: | 1a. ed. |
| Materias: | |
| Etiquetas: |
Agregar Etiqueta
Sin Etiquetas, Sea el primero en etiquetar este registro!
|
| LEADER | 00482nam a22001575a 4500 | ||
|---|---|---|---|
| 001 | DER.der003194 | ||
| 008 | 180615s2005####ag#||||||||||||||#||spa|| | ||
| 005 | 20241104121625.0 | ||
| 245 | 1 | 0 | |a Régimen jurídico del transporte multimodal / |c Diego Esteban Chami |
| 250 | |a 1a. ed. | ||
| 260 | |a Buenos Aires : |b Lexis Nexis, |c 2005. | ||
| 300 | |a 556 p. | ||
| 020 | |a 9871178514 | ||
| 100 | 1 | |a Chami, Diego Esteban | |
| 650 | 7 | |a DERECHO DE LA NAVEGACION | |
| 859 | |a DERECHO |b BIB. DERECHO |h 343.093 |i CHA |p 003301 | ||
